| 000 | 00399nam a2200121Ia 4500 | ||
|---|---|---|---|
| 008 | 170224s9999 xx 000 0 und d | ||
| 245 | _aNewsCAP: Judith Shamian appointed to the United Nations Secretary-General's High-Level Commission on Health Employment and Economic Growth. | ||
| 260 | _bAmerican Journal of Nursing | ||
| 260 | _c2016 | ||
| 300 | _a116:6 | ||
| 500 | _aJune | ||
| 650 | _xNursing. | ||
| 999 |
_c316959 _d316959 |
||